[Event "Figueira da Foz op 12th"]
[Site "Figueira da Foz"]
[Date "2018.11.02"]
[Round "7"]
[White "Louzao Brea, Jose Luis"]
[Black "Pipiras, Filipa Fortuna"]
[Result "0-1"]
[WhiteElo "1835"]
[BlackElo "1853"]
[PlyCount "100"]
[EventDate "2018.10.28"]
[EventType "swiss"]
[EventRounds "9"]
[EventCountry "POR"]
[SourceTitle "CBM 187 Extra"]
[Source "ChessBase"]
[SourceDate "2018.11.04"]
[SourceVersion "1"]
[SourceVersionDate "2018.11.04"]
[SourceQuality "1"]

1. e4 e5 2. Nf3 Nc6 3. Bb5 a6 4. Ba4 Nf6 5. d3 d6 6. h3 Be7 7. 0-0 0-0 8. c3 Re8 9. Be3 Bf8 10. Nbd2 h6 11. Re1 d5 12. exd5 Nxd5 13. Nf1 b5 14. Bb3 Na5 15. Bc2 f5 16. Bd2 Nc6 17. a4 Rb8 18. axb5 axb5 19. Bb3 Kh8 20. Ng3 Nf6 21. Bf7 Re7 22. Bg6 Qxd3 23. Re3 Qd5 24. Bxf5 e4 25. Nh4 Bxf5 26. Nhxf5 Rd7 27. Re2 Bc5 28. Qe1 Ne5 29. Be3 Nd3 30. Qb1 b4 31. Bxc5 Qxc5 32. Qc2 Rbd8 33. cxb4 Qxb4 34. Ra4 Qb5 35. Qc4 Qe5 36. Qc3 Qf4 37. Ne3 Nxf2 38. Rxf2 Qxg3 39. Rxf6 gxf6 40. Qxf6+ Qg7 41. Qxg7+ Rxg7 42. Rxe4 Rd2 43. b4 Re2 44. Kf1 Rgxg2 45. Re8+ Kh7 46. Re7+ Kg8 47. Nd5 Ref2+ 48. Ke1 Rb2 49. Kf1 Rgf2+ 50. Ke1 Rh2 0-1

[Event "Pontevedra op 3rd"]
[Site "Pontevedra"]
[Date "2015.08.10"]
[Round "3"]
[White "Oratovsky, Michael"]
[Black "Louzao Brea, Jose Luis"]
[Result "1-0"]
[WhiteElo "2495"]
[BlackElo "1887"]
[PlyCount "67"]
[EventDate "2015.08.09"]
[EventType "swiss"]
[EventRounds "9"]
[EventCountry "ESP"]
[SourceTitle "EXT 2016"]
[Source "ChessBase"]
[SourceDate "2015.10.08"]
[SourceVersion "1"]
[SourceVersionDate "2015.10.08"]
[SourceQuality "1"]

1. e4 e6 2. d4 d5 3. Nd2 Nf6 4. e5 Nfd7 5. c3 c5 6. Bd3 b6 7. Nh3 Ba6 8. Bxa6 Nxa6 9. 0-0 b5 10. a3 Qb6 11. Qg4 h6 12. Kh1 Nc7 13. Nf3 a5 14. dxc5 Qxc5 15. Be3 Qc4 16. Qg3 g5 17. Bd4 Qd3 18. Rad1 Qf5 19. Ne1 Be7 20. f4 g4 21. Nf2 h5 22. Ned3 Rg8 23. Qe3 h4 24. h3 gxh3 25. Nxh3 0-0-0 26. Ng5 Rg7 27. Qh3 Qg6 28. Be3 Rdg8 29. Rd2 f6 30. Nxe6 Nxe6 31. Qxe6 Qe4 32. Qa6+ Kd8 33. Qa8+ Kc7 34. Qxa5+ 1-0

[Event "Pontevedra op 2nd"]
[Site "Pontevedra"]
[Date "2014.08.09"]
[Round "3"]
[White "Gonzalez Diaz, Julio"]
[Black "Louzao Brea, Jose Luis"]
[Result "1-0"]
[WhiteElo "2286"]
[BlackElo "1894"]
[PlyCount "47"]
[EventDate "2014.08.07"]
[EventType "swiss"]
[EventRounds "9"]
[EventCountry "ESP"]
[SourceTitle "CBM 162 Extra"]
[Source "ChessBase"]
[SourceDate "2014.10.17"]
[SourceVersion "1"]
[SourceVersionDate "2014.10.17"]
[SourceQuality "1"]

1. c4 Nf6 2. g3 d5 3. Bg2 c6 4. Nf3 Nbd7 5. 0-0 e5 6. cxd5 Nxd5 7. Nc3 f5 8. d3 Bd6 9. e4 Nxc3 10. bxc3 fxe4 11. Ng5 exd3 12. Qxd3 Nc5 13. Qc2 g6 14. Be3 Bf5 15. Ne4 Nxe4 16. Bxe4 Bxe4 17. Qxe4 Qa5 18. Qg4 Qc7 19. Rad1 Rd8 20. Bg5 Rd7 21. Qe6+ Be7 22. Rxd7 Qxd7 23. Qxe5 Rf8 24. Re1 1-0

[Event "Arteixo Concello U2200 op 15th"]
[Site "Arteixo"]
[Date "2014.07.26"]
[Round "4.8"]
[White "Louzao Brea, Jose Luis"]
[Black "Suarez Martinez, Javier"]
[Result "1-0"]
[WhiteElo "1894"]
[BlackElo "1760"]
[PlyCount "81"]
[EventDate "2014.07.25"]
[EventType "swiss"]
[EventRounds "6"]
[EventCountry "ESP"]
[SourceTitle "EXT 2024"]
[Source "ChessBase"]
[SourceDate "2023.10.10"]
[SourceVersion "1"]
[SourceVersionDate "2023.10.10"]
[SourceQuality "1"]

1. e4 c5 2. Nc3 Nc6 3. f4 g6 4. Nf3 Bg7 5. Be2 d6 6. 0-0 e6 7. Qe1 Nge7 8. Qg3 Nd4 9. Bd1 0-0 10. Ng5 h6 11. Nf3 a6 12. Kh1 b5 13. d3 b4 14. Ne2 Nxf3 15. Rxf3 a5 16. h4 h5 17. Qh3 d5 18. Rf1 dxe4 19. dxe4 Bb7 20. Qe3 Nc6 21. g3 Qe7 22. Kh2 Rfd8 23. f5 exf5 24. exf5 Qxe3 25. Bxe3 Bxb2 26. Rb1 Bd4 27. Bg5 Re8 28. c3 Be3 29. fxg6 fxg6 30. Bb3+ Kh8 31. Nf4 Bxf4 32. Rxf4 Re2+ 33. Kg1 Ne5 34. Bf6+ Kh7 35. Bxe5 Rxe5 36. Rf7+ Kh8 37. Rxb7 bxc3 38. Rf1 a4 39. Bxa4 Re2 40. Rff7 c2 41. Rh7+ 1-0

[Event "Arteixo Concello U2200 op 15th"]
[Site "Arteixo"]
[Date "2014.07.25"]
[Round "2.10"]
[White "Louzao Brea, Jose Luis"]
[Black "Farinas Pose, Julio"]
[Result "1-0"]
[WhiteElo "1894"]
[BlackElo "1733"]
[PlyCount "55"]
[EventDate "2014.07.25"]
[EventType "swiss"]
[EventRounds "6"]
[EventCountry "ESP"]
[SourceTitle "EXT 2024"]
[Source "ChessBase"]
[SourceDate "2023.10.10"]
[SourceVersion "1"]
[SourceVersionDate "2023.10.10"]
[SourceQuality "1"]

1. e4 d5 2. exd5 Qxd5 3. Nc3 Qe5+ 4. Be2 c6 5. Nf3 Qc7 6. d4 Bf5 7. 0-0 e6 8. Ne5 Nf6 9. Bf4 Bd6 10. Re1 h6 11. Qd2 Nbd7 12. Bd3 Bxd3 13. Qxd3 0-0 14. Rad1 Rad8 15. Qf3 a6 16. Rd3 Nd5 17. Bxh6 Nxe5 18. dxe5 Bxe5 19. Qg4 f5 20. Qg5 Bf4 21. Nxd5 Bxg5 22. Nxc7 Rxd3 23. Bxg5 Rd6 24. Be7 Rd7 25. Bxf8 Kxf8 26. Nxe6+ Kf7 27. Ng5+ Kf6 28. f4 1-0